Sports Quiz

Random Sports or NFL Quiz

NFL 500+ Passing Yards QBs Quiz Stats

 Plays Quiz Updated Feb 4, 2018

Score 0/22 Timer 04:00
8 Plays Today
Yards (Year) Player % Correct
505 (2018)Tom Brady
98.7%
510 (2012)Eli Manning
98.4%
517 (2011)Tom Brady
98.1%
505 (2015)Drew Brees
97%
510 (2006)Drew Brees
96.8%
506 (2013)Tony Romo
95%
503 (2016)Matt Ryan
93.6%
506 (2017)Ben Roethlisberger
92.4%
503 (2015)Philip Rivers
92.4%
522 (2014)Ben Roethlisberger
92.1%
520 (2012)Matthew Stafford
91.2%
Yards (Year) Player % Correct
521 (1988)Dan Marino
89.5%
503 (2009)Ben Roethlisberger
89.4%
513 (2016)Derek Carr
86.8%
527 (2012)Matt Schaub
78.1%
527 (1990)Warren Moon
78.1%
513 (1985)Phil Simms
70.2%
505 (1962)Y.A. Tittle
38.5%
504 (2000)Elvis Grbac
26.8%
554 (1951)Norm Van Brocklin
25.5%
522 (1996)Boomer Esiason
16.5%
509 (1982)Vince Ferragamo
15.2%

You're not logged in!

Compare scores with friends on all Sporcle quizzes.
OR
Log In

Show Comments

Extras

Top Quizzes Today


Score Distribution

Your Account Isn't Verified!

In order to create a playlist on Sporcle, you need to verify the email address you used during registration. Go to your Sporcle Settings to finish the process.

Report this User

Report this user for behavior that violates our Community Guidelines.

Details: